Statistics for Top 25 Trading Partners - India

Click here to take the quiz!

General Stats

  • This quiz has been taken 65 times
  • The average score is 44 of 50

Answer Stats

HintAnswer% Correct
1st Place: 90,398China
100%
3rd Place: 16,365China
100%
2nd Place: 38,904United States of America
100%
1st Place: 51,628United States of America
100%
15th Place: 5,275France
96%
8th Place: 19,660Indonesia
96%
18th Place: 4,789Indonesia
96%
13th Place: 15,181Japan
96%
19th Place: 4,738Japan
96%
5th Place: 9,740United Kingdom
96%
22nd Place: 8,550United Kingdom
96%
10th Place: 17,506Australia
94%
11th Place: 16,924Germany
94%
6th Place: 8,948Germany
94%
17th Place: 4,804South Korea
94%
7th Place: 19,672South Korea
94%
9th Place: 7,296Nepal
93%
23rd Place: 8,502Russia
93%
2nd Place: 28,522United Arab Emirates
93%
4th Place: 32,119United Arab Emirates
93%
7th Place: 8,739Bangladesh
91%
9th Place: 18,086Iran
91%
15th Place: 12,875Malaysia
91%
12th Place: 6,549Malaysia
91%
3rd Place: 34,342Saudi Arabia
91%
14th Place: 5,486Saudi Arabia
91%
22nd Place: 4,099Spain
89%
21st Place: 8,635Vietnam
89%
11th Place: 6,697Vietnam
89%
25th Place: 6,424Italy
87%
13th Place: 5,518Italy
87%
16th Place: 12,781Qatar
87%
12th Place: 16,860Singapore
87%
4th Place: 10,444Singapore
87%
5th Place: 28,444Iraq
85%
24th Place: 3,829Mexico
85%
20th Place: 4,665Sri Lanka
85%
21st Place: 4,383Thailand
85%
19th Place: 9,428Thailand
85%
16th Place: 5,188Turkey
83%
8th Place: 8,654Netherlands
81%
24th Place: 8,242South Africa
81%
23rd Place: 4,016South Africa
81%
10th Place: 6,805Belgium
76%
17th Place: 11,242Belgium
76%
18th Place: 9,582Kuwait
74%
25th Place: 3,774Israel
69%
6th Place: 21,848Switzerland
63%
14th Place: 13,590Nigeria
59%
20th Place: 8,895Venezuela
30%

Score Distribution

Percentile by Number Answered

Percent of People with Each Score

Your Score History

You have not taken this quiz